Membros do B.A.P. - Statistics

Estatísticas Gerais
  • Esse quiz foi jogado 2 vezes
  • A pontuação média é 3 de 6
Estatísticas das Respostas
Resposta % Correto
Zelo
100%
Daehyun
50%
Himchan
50%
Jongup
50%
Yongguk
50%
Younjae
0%
Nenhum quiz correspondente encontrado
Distribuição das Pontuações
Porcentagem de Pessoas com Cada Pontuação
Percentil de Números Respondidos
Sua Pontuação Histórica
Você não jogou esse quiz